000 00952nam a2200217 a 4500
001 45363
003 BD-RjUL
005 20211209054012.0
008 160725s1962 nyu||||| |||| 00| 0 eng d
035 _a(BD-RjUL)45481
040 _aBD-RjUL
_beng
_cBD-RjUL
041 _aeng
082 _223
_a333.91
_bREP 1962
111 _aRegional Seminar on Energy Resources and Electric Power Development
_c(1961 : Bangkok, Thailand)
_9134682
245 _aProceedings of the Regional seminar on energy resources and electric power development :
_bheld at Bangkok, Thailand, 6 to 16 December 1964 /
_cRegional Seminar on Energy Resources and Electric Power Development (1961 : Bangkok, Thailand).
260 _aNew York : .
_bUnited Nations,
_c1962
300 _av, 440 p. :
_bill. ;
_c28 cm.
650 _aWater resources development
_zEsat Asia
_9138899
710 _aUnited Nations.
_bEconomic Commission for Asia and the Far East.
_9138900
942 _2ddc
_cBK
999 _c45363
_d45363